Propuesta de modelo de vivienda transitoria sustentable para el desarrollo del hábitat seguro región pacifico occidental, Posoltega, Chinandega
Presenta una propuesta de modelo de vivienda transitoria sustentable que dé respuesta a la reducción del déficit habitacional y a las necesidades indispensables de la población del municipio de Posoltega, contiene un diagnóstico y análisis de la vivienda presente en los sectores vulnerables de...
| Main Authors: | , , |
|---|---|
| Other Authors: | |
| Format: | Tesis Section = Libro |
| Language: | Undetermined Spanish |
| Published: |
Managua
UNI
2011
|
| Subjects: |
| LEADER | 01269nam a2200265Ia 4500 | ||
|---|---|---|---|
| 008 | 240830s9999 xx 000 0 und d | ||
| 040 | |a BIBLIOTECA-RUSB/ Mon 728.1 G151 | ||
| 041 | |a spa | ||
| 082 | |a Mon 728.1 G151 | ||
| 100 | 1 | |a Galeano Calero, Fernando José | |
| 100 | 1 | |b Rojas Paredes, Hazel del Socorro | |
| 100 | 1 | |c Campos Palacios, Katty Asunción | |
| 245 | 1 | 0 | |a Propuesta de modelo de vivienda transitoria sustentable para el desarrollo del hábitat seguro región pacifico occidental, Posoltega, Chinandega |
| 260 | |a Managua |b UNI |c 2011 | ||
| 300 | |a 136 p. :il. | ||
| 502 | |a Tesis (Arquitecto) - UNI, 2011. | ||
| 520 | 3 | |a Presenta una propuesta de modelo de vivienda transitoria sustentable que dé respuesta a la reducción del déficit habitacional y a las necesidades indispensables de la población del municipio de Posoltega, contiene un diagnóstico y análisis de la vivienda presente en los sectores vulnerables del sitio caso de estudio. | |
| 650 | 7 | |a VIVIENDA ECONÓMICAS | |
| 650 | 7 | |b VIVIENDAS DE BAJO COSTO | |
| 650 | 7 | |c CONSTRUCCIÓN ARQUITECTÓNICA SUSTENTABLE | |
| 650 | 7 | |d ARQUITECTURA - DISEÑOS Y PLANOS | |
| 700 | 1 | |a Tutor: |b Mendoza Velásquez, Francisco Antonio | |
| 942 | |c BK |2 ddc | ||
| 991 | |a TESIS | ||
| 999 | |c 21454 | ||